00873nam a22002417a 450000500170000001000130001702000110003003500130004103700160005404000120007008200150008224500940009726000360019127000370022730000200026450000210028465000510030565000690035670000220042594200240044799900190047195201410049020170124110035.0 aA-473209 c125.00 aA-473209 bCen Lib/Ret aDPLbEN a483.8bDIC aDictionary of synonyms and antonyms :ccompiled by Asha Puribwith their relative words / aDelhibSahni Publicationsc1991 bDelhiaE4/26, Model Towne110009 a376p.c20cm(Hb) aIncludes index  aEnglish language--Synonyms and antonyms922546 aEnglish language -- Synonyms and antonyms -- Dictionaries922547 aPuri, Asha922548 2ddccENh483.8mDIC c128154d128154 00104070aLbLd2015-07-01eCen Lib/Retg125.00l2m1o483.8 DICpA-473209r2023-10-19 00:00:00s2023-10-04t1v125.00w2015-07-01yEN